000 00802nam a2200217Ii 4500
003 JO-AjNU
008 230605s9999||||xx |||||||||||||| ||und||
017 _a2000/10204
020 _a977-01-6737-1
040 _aJO-AjNU
_bara
_erda
_cJO-AjNU
041 _aara
050 1 4 _aPR6066 2000
100 3 _aتأليف تولستوي، أليكسي؛ ترجمة فوزي فهمي,
_eauthor
_940003
245 0 0 _aمضارب البورصة (كوميديا في أربعة فصول في ستة مناظر)
264 3 1 _aالقاهرة:مكتبة الأسرة،2000 ؛ مهرجان القراءة للجميع 2000
300 _a199ص
336 _atext
_btxt
_2rdacontent
337 _aunmediated
_bn
_2rdamedia
338 _avolume
_bnc
_2rdacarrier
650 4 _aالأدب العربي - مسرح
_940004
999 _aA16941
_c20509
_d20509